History Quiz

Random History or Nation Quiz

Original UN Members Quiz Stats

 Plays Quiz Updated Jan 17, 2020

Support Sporcle.
Go Orange.
Score 0/51 Timer 08:00
4 Plays Today
Country % Correct
United States
98.2%
United Kingdom
95.7%
France
95.5%
Canada
92.8%
China, Republic of
92.1%
Mexico
90.5%
Brazil
87.8%
Australia
85.5%
Argentina
83.7%
Union of South Africa
79.6%
Egypt
79.6%
India
79.3%
Norway
79.1%
Chile
78%
New Zealand
75.6%
Poland
72.7%
Denmark
72.6%
Iran
71.8%
Greece
71.7%
Peru
71.5%
Belgium
71.1%
Turkey
70.9%
Netherlands
70.9%
Iraq
70.5%
Soviet Union
70.3%
Colombia
68%
Country % Correct
Cuba
67.3%
Paraguay
66.7%
Uruguay
65.3%
Venezuela
65.3%
Panama
65.1%
Saudi Arabia
64%
Bolivia
59.7%
Ecuador
58%
Costa Rica
55.8%
Honduras
55.6%
Luxembourg
52.5%
Guatemala
52.4%
Nicaragua
52.2%
El Salvador
51.4%
Haiti
50.4%
Yugoslavia
48.8%
Dominican Republic
47.3%
Syria
46.8%
Czechoslovakia
43.5%
Ethiopia
42.6%
Philippine Republic
40.2%
Lebanon
39.2%
Ukrainian Soviet Socialist Republic
32.3%
Liberia
27.1%
Byelorussian Soviet Socialist Republic
23.6%

You're not logged in!

Compare scores with friends on all Sporcle quizzes.
OR
Log In

From the Vault

Video Game Memes

by Mariofreak_49

Somebody set up us the bomb.
Remove Ads.
Support Sporcle.
Get the best of Sporcle when you Go Orange. This ad-free experience offers more features, more stats, and more fun while also helping to support Sporcle. Thank you for becoming a member.

Show Comments

Extras

Top Quizzes Today


Score Distribution

Your Account Isn't Verified!

In order to create a playlist on Sporcle, you need to verify the email address you used during registration. Go to your Sporcle Settings to finish the process.

Report this User

Report this user for behavior that violates our Community Guidelines.

Details: